00663nam a2200157Ia 4500008004100000100002100041245008800062245010800150260005300258260001800311300000800329650001500337856006100352999001900413952007300432170221s9999 xx 000 0 und d aElena N. Klochko aTargeted Program Management of the Fruit and Berry Sub-Complex of Krasnodar Region  cElena N. Klochko, Viktor O. Shishkin, Rustem A. Shichiyakh, Svetlana N. Sychanina, Vitaly M. Smolentsev bInternational Review of Management and Marketing cNovember 2012 a1:2 xMarketing. uhttp://www.econjournals.com/index.php/irmm/issue/view/70 c310404d310404 001040aCLbCLd2017-02-21l0r2017-02-21 00:00:00w2017-02-21yFOJ